000 00495nam a22001817a 4500
003 OSt
005 20140310182239.0
008 121116t xxu||||| |||| 00| 0 eng d
020 _a059030271X
050 _aPZ 7
_b.W582 1952
082 _aFIC
_bW58c 1952
100 _aWhite, E.B.
_918947
245 _aCharlotte's web /
_cE.B. White ; pictures by Garth Williams
260 _aNew York :
_bScholastic,
_cc1952.
300 _a183 p. :
_bill. ;
_c19 cm.
942 _2lcc
_cBK-FIC
999 _c11102
_d11102